MARC

LEADER 00000nam0a2200000 4500
001 315252
005 20231102002747.0
035 |a (RuTPU)RU\TPU\book\340685 
090 |a 315252 
100 |a 20160226d1982 km y0rusy50 ca 
101 0 |a rus 
102 |a RU 
105 |a a z 001zy 
200 1 |a Тектоника нефтегазоносных областей юга Сибирской платформы  |f Восточно-Сибирский научно-исследовательский институт геологии, геофизики и минерального сырья (ВостСибНИИГГиМС) ; под ред. С. Л. Арутюнова 
210 |a Москва  |c Недра  |d 1982 
215 |a 92 с.  |c ил. 
320 |a Библиогр.: с. 90-91 
606 1 |a Нефтегазоносность  |x Тектоника  |2 stltpush  |3 (RuTPU)RU\TPU\subj\45623  |9 64816 
610 1 |a нефтегазоносные области 
610 1 |a Сибирская платформа 
610 1 |a структурные исследования 
610 1 |a перспективность 
610 1 |a оценка 
610 1 |a поисково-разведочные работы 
675 |a 553.98:551.24  |v 4 
702 1 |a Арутюнов  |b С. Л.  |4 340 
712 0 2 |a Восточно-Сибирский научно-исследовательский институт геологии, геофизики и минерального сырья (ВостСибНИИГГиМС)  |c (Иркутск)  |2 stltpush  |3 (RuTPU)RU\TPU\col\2421 
801 1 |a RU  |b 63413507  |c 20160226 
801 2 |a RU  |b 63413507  |c 20191120  |g RCR 
942 |c BK